|
|
|
|
| LEADER |
00000ny a22000003n 4500 |
| 005 |
20110621124253.0 |
| 008 |
100324s sp 000 0 spa d |
| 035 |
|
|
|a 4732
|
| 040 |
|
|
|a BUS
|d vlex
|
| 090 |
|
|
|c 1269
|d 1269
|
| 100 |
1 |
|
|a Da̕z Barrado, Cs̀tor M.
|
| 245 |
1 |
0 |
|a Elementos para la integracin̤ en el espacio iberoamericano
|h [Recurso electrn̤ico]
|b Democracia y gobernabilidad /
|c Cs̀tor Da̕z Barrado
|
| 256 |
|
|
|a Servicio en ln̕ea
|
| 260 |
|
|
|a [Madrid] :
|b Plaza y Valdš Editores,
|c 2009
|
| 300 |
|
|
|a v.
|
| 506 |
1 |
|
|a Contenido solo disponible en los productos indicados
|d vLex Global
|d vLex Global (Academic Edition, excluding Law Schools)
|d vLex Global (U.S. Academic Edition, Law Schools)
|d vLex Global (U.S. Academic Edition, excluding Law Schools)
|d vLex Global (Academic Edition, Law Schools)
|
| 650 |
0 |
4 |
|a Cooperacin̤ internacional
|z Amřica Latina
|
| 740 |
0 |
|
|a vLex Libros (Servicios en ln̕ea)
|
| 830 |
|
0 |
|a Cuadernos Iberoamericanos de Integracin̤
|
| 856 |
4 |
0 |
|z Acceso restringido
|u http://vlex.com/source/4732
|
| 942 |
|
|
|c BOOK
|